Statistics for Super Smash Bros Characters

Click here to take the quiz!

General Stats

  • This quiz has been taken 941 times
    (252 since last reset)
  • The average score is 59 of 86

Answer Stats

SeriesFighters% Correct
Luigi
98%
Mario
98%
Peach
96%
Bowser
93%
DKDonkey Kong
90%
YoshiYoshi
89%
WarioWario
88%
KirbyKirby
87%
Daisy
85%
Diddy Kong
84%
StarfoxFox
84%
Legend of ZeldaLink
84%
Zelda/Sheik
84%
Ken
83%
Falco
82%
PokemonPikachu
82%
SonicSonic
82%
MetroidSamus/Zero Suit Samus
80%
Bowser Junior
79%
Pokemon Trainer
79%
Pac-ManPac-Man
78%
R.O.BROB
78%
Kid IcarusPit
76%
Metal Gear SolidSnake
76%
F-ZeroCaptain Falcon
75%
Mega ManMega Man
75%
Ice ClimberIce Climbers
74%
Fire EmblemMarth
74%
Dark Pit
73%
Earthbound (Mother)Ness
73%
Ganondorf
72%
King Dedede
72%
Lucas
72%
Game & WatchMr Game & Watch
72%
Toon Link
72%
Wolf
72%
Pichu
70%
Dark Samus
69%
Duck HuntDuck Hunt Dog
69%
Ike
69%
Meta Knight
69%
Ridley
69%
Street FighterRyu
69%
Wii FitWii Fit Trainer
69%
BayonettaBayonetta
68%
Lucina
68%
Roy
68%
Roy Koopaling
68%
Young Link
68%
Lucario
67%
Banjo & KazooieBanjo and Kazooie
66%
King K Rool
66%
Punch OutLittle Mac
66%
PikmanOlimar
66%
Animal CrossingVillager
66%
MarioDr Mario
64%
SplatoonInkling
64%
Final FantasyCloud Strife
63%
Greninja
63%
PersonaJoker
63%
Isabelle
62%
Jigglypuff
62%
Mewtwo
62%
Palutena
62%
Robin
62%
Rosalina
62%
Mii Gunner
61%
XenobladeShulk
60%
Chrom
59%
CastlevaniaSimon
58%
Corrin
56%
Mii Swordfighter
56%
Dragon QuestThe Hero
56%
Wendy Koopaling
54%
Charizard
53%
Incineroar
53%
Piranha Plant
53%
Richter
53%
Lemmy Koopaling
52%
Iggy Koopaling
51%
Ludwig Koopaling
50%
Morton Koopaling
49%
Larry Koopaling
47%
SNKTerry Bogurd
47%
MiiMii Fighter
46%
Alph
44%

Score Distribution

Percentile by Number Answered

Percent of People with Each Score

Your Score History

You have not taken this quiz since the last reset